000 00647nam a2200205Ia 4500
003 IN-BaIIA
008 211028s9999 xx 000 0 eng d
020 _a0-12-368853-1
040 _cIIA Library
080 _a063:53
_bENF-53
245 0 _aDevelopments and borderlines of nuclear physics
_cedited by H. Morinaga
260 _aNew York
_bAcademic Press
_c1972
300 _axi, 214p
490 _aProceedings of the International School of Physics Enrico Fermi Course; v. 53
650 _a High Energy Physics
_98025
650 _a Nuclear Physics 
_98026
650 _aNASA Thesaurus 
700 _aMorinaga, H., ed.
_98027
942 _cBK
999 _c4563
_d4563